| 000 | 00721nam a22002171a 4500 | ||
|---|---|---|---|
| 003 | OSt | ||
| 005 | 20110718133135.0 | ||
| 008 | 091005s1984 001 0 eng d | ||
| 020 |
_a9966408142 : _c0.00 |
||
| 040 |
_aNEGST Library - Kenya _bDLC _cDLC _dDLC |
||
| 050 | 4 | _aREF BS 325.L63 1984 | |
| 100 | 1 |
_aAlliance Biblique du Burkina Faso. _98072 |
|
| 245 | 1 | 0 | _aThagbaa Ulfe Pha /. |
| 260 |
_aOuagadougou : _bAlliance Biblique du Bur, _c1984. |
||
| 300 | _a544 p. : ill., m. | ||
| 500 | _a"Le Nouveau Testament en Lobiire." - T.p. verso. [Africana] | ||
| 600 | 1 | 0 |
_aBible. N.T. Lobiri. 1984. _98073 |
| 600 | 1 | 0 |
_aLobiri language - Texts. _98074 |
| 942 |
_2lcc _cBK |
||
| 999 |
_c39990 _d39990 |
||